Study on different types of thresher and their effects on rice grain quality, សិក្សាអំពីប្រភេទម៉ាស៊ីនបោកស្រូវផ្សេងៗ និងឥទ្ធិពលរបស់វាទៅលើគុណភាពស្រូវអង្ករ (Record no. 4619)

000 -LEADER
fixed length control field 00661nam a22001577a 4500
003 - CONTROL NUMBER IDENTIFIER
control field OSt
005 - DATE AND TIME OF LATEST TRANSACTION
control field 20151216164520.0
008 - FIXED-LENGTH DATA ELEMENTS--GENERAL INFORMATION
fixed length control field 151216b xxu||||| |||| 00| 0 eng d
040 ## - CATALOGING SOURCE
Transcribing agency RUA
082 ## - DEWEY DECIMAL CLASSIFICATION NUMBER
Classification number ATM KUN 2002 B192 Or.1
100 ## - MAIN ENTRY--PERSONAL NAME
9 (RLIN) 4970
Personal name KUN, PICHRATANA.
245 ## - TITLE STATEMENT
Title Study on different types of thresher and their effects on rice grain quality, សិក្សាអំពីប្រភេទម៉ាស៊ីនបោកស្រូវផ្សេងៗ និងឥទ្ធិពលរបស់វាទៅលើគុណភាពស្រូវអង្ករ
260 ## - PUBLICATION, DISTRIBUTION, ETC. (IMPRINT)
Place of publication, distribution, etc. Phnom Penh
Name of publisher, distributor, etc. RUA
Date of publication, distribution, etc. 2002
300 ## - PHYSICAL DESCRIPTION
Extent 46p.
Other physical details ill.
Dimensions 29cm.
942 ## - ADDED ENTRY ELEMENTS (KOHA)
Source of classification or shelving scheme
Koha item type ATM
Holdings
Price effective from Date last seen Permanent Location Not for loan Date acquired Source of classification or shelving scheme Koha item type Lost status Withdrawn status Total Renewals Date last checked out Total Checkouts Shelving location Damaged status Barcode Current Location Full call number
2015-12-162018-08-08Library Block B 2015-12-16 ATM   2018-07-132B192 RUA039208Library Block BATM KUN 2002 B192 Or.1
2015-12-172020-08-05Library Block B 2015-12-17 ATM   2020-07-102B192 rua038482Library Block BATM KUN 2002 B192 Or.2
2015-12-172015-12-17Library Block B 2015-12-17 ATM     B192 RUA036697Library Block BATM KUN 2002 B192 Or.3
2015-12-172018-07-31Library Block B 2015-12-17 ATM  12018-07-253B192 RUA039214Library Block BATM KUN 2002 B192 Or.4
មជ្ឈមណ្ឌលឯការនៃសាកលវិទ្យាល័យភូមិន្ទកសិកម្មចំការដូង

Powered by Koha